|
|
|
|
| LEADER |
00000nas1a2200000 4500 |
| 001 |
379857 |
| 005 |
20231101062631.0 |
| 011 |
|
|
|a 0572-2691
|
| 035 |
|
|
|a (RuTPU)RU\TPU\prd\312
|
| 035 |
|
|
|a PERI00000312
|
| 090 |
|
|
|a 379857
|
| 100 |
|
|
|a 20011210a19569999k y0rusy50 ca
|
| 101 |
0 |
|
|a rus
|
| 102 |
|
|
|a UA
|
| 110 |
|
|
|a agaz|||0uu0
|
| 200 |
1 |
|
|a Проблемы управления и информатики
|e международный научно-технический журнал
|f Национальная академия наук Украины (НАНУ)
|
| 210 |
|
|
|a Киев
|d 1994-
|
| 305 |
|
|
|a Издается с 1956 г.
|
| 326 |
|
|
|a 6 номеров в год
|
| 430 |
|
1 |
|0 (RuTPU)RU\TPU\prd\73
|x 0572-2691
|t Автоматика
|o научно-технический журнал
|f Академия наук Украины (АНУ)
|c Киев
|n Наукова думка
|d 1978-1993
|
| 469 |
|
|
|0 (RuTPU)RU\TPU\subscr\158
|
| 610 |
1 |
|
|a информатика
|
| 610 |
1 |
|
|a управление
|
| 610 |
1 |
|
|a управляемые системы
|
| 610 |
1 |
|
|a обработка информации
|
| 610 |
1 |
|
|a защита информации
|
| 675 |
|
|
|a 681.51.01
|v 3
|
| 675 |
|
|
|a 004
|v 3
|
| 712 |
0 |
2 |
|a Национальная академия наук Украины (НАНУ)
|c (1994- )
|2 stltpush
|3 (RuTPU)RU\TPU\col\2525
|
| 801 |
|
0 |
|a RU
|b 63413507
|c 20011210
|g PSBO
|
| 801 |
|
2 |
|a RU
|b 63413507
|c 20160303
|g PSBO
|
| 942 |
|
|
|c CR
|
| 969 |
|
|
|0 001RU\TPU\subscr\158
|